Slovenská a česká publicistika o architektúre´70 /

Salvato in:
Dettagli Bibliografici
Altri autori: Tökölyová, Veronika (Compilatore), Kostolanská, Eva (Redattore)
Natura: Libro
Lingua:slovacco
Pubblicazione: Bratislava : A-Press, účelové zariadenie Zväzu slovenských architektov, 1971
Edizione:1. vydanie
Serie:Edícia aktualít, zv. 4
Soggetti:
Tags: Aggiungi Tag
Nessun Tag, puoi essere il primo ad aggiungerne!!

MARC

LEADER 00000nam a22000003a 4500
001 0118021
003 SK-STU
005 20251216143506.7
007 ta
008 251106s ----xo-----e------000-0-----d
040 |a STU  |b slo 
041 0 |a slo 
044 |a xo 
100 1 |a Tökölyová, Veronika  |4 com 
245 1 0 |a Slovenská a česká publicistika o architektúre´70 /  |c zost. Veronika Tökölyová ; ed. Eva Kostolanská 
246 3 1 |b Česká a slovenská publicistika o architektúre´70 
250 |a 1. vydanie 
260 |a Bratislava :  |b A-Press, účelové zariadenie Zväzu slovenských architektov,  |c 1971 
300 |a 155 s. 
490 0 |a Edícia aktualít,  |v zv. 4 
650 0 7 |a slovenská architektúra 20. storočia 
650 0 7 |a architektúra a urbanizmus 
650 0 7 |a Žarnovica 
650 0 7 |a Devín 
650 0 7 |a tatranská architektúra 
650 0 7 |a centrum Bratislavy 
650 0 7 |a bývanie 
650 0 7 |a Bratislava-Štrkovec 
650 0 7 |a Košice terasa 
650 0 7 |a priemyselná architektúra 
650 0 7 |a hutníctvo 
650 0 7 |a Východné Slovensko 
650 0 7 |a bratislavské sídliská 
650 0 7 |a Praha 
700 1 |a Kostolanská, Eva  |4 edt 
996 |b 284AU10543  |c A* 13717/U  |l AAKNAR  |s A  |a 24  |w 0118021_0001